Taylor's clinical nursing skills : (Record no. 20537)
[ view plain ]
| 000 -LEADER | |
|---|---|
| fixed length control field | 01403cam a22002895a 4500 |
| 001 - CONTROL NUMBER | |
| control field | 11000589 |
| 005 - DATE AND TIME OF LATEST TRANSACTION | |
| control field | 20201128021506.0 |
| 008 - FIXED-LENGTH DATA ELEMENTS--GENERAL INFORMATION | |
| fixed length control field | 140602t2015 paua frb 001 0 eng d |
| 020 ## - INTERNATIONAL STANDARD BOOK NUMBER | |
| International Standard Book Number | 1451192711 (alk. paper) |
| 020 ## - INTERNATIONAL STANDARD BOOK NUMBER | |
| International Standard Book Number | 9781451192711 (alk. paper) |
| 040 ## - CATALOGING SOURCE | |
| Original cataloging agency | DNLM/DLC |
| Language of cataloging | eng |
| Transcribing agency | DLC |
| Modifying agency | EG-ScBUE |
| 082 04 - DEWEY DECIMAL CLASSIFICATION NUMBER | |
| Classification number | 610.73 |
| Edition number | 22 |
| Item number | LYN |
| 100 1# - MAIN ENTRY--PERSONAL NAME | |
| Personal name | Lynn, Pamela |
| Fuller form of name | (Pamela Barbara), |
| Dates associated with a name | 1961- |
| 245 10 - TITLE STATEMENT | |
| Title | Taylor's clinical nursing skills : |
| Remainder of title | a nursing process approach / |
| Statement of responsibility, etc | Pamela Lynn. |
| 246 30 - VARYING FORM OF TITLE | |
| Title proper/short title | Clinical nursing skills |
| 250 ## - EDITION STATEMENT | |
| Edition statement | 4th ed. |
| 260 ## - PUBLICATION, DISTRIBUTION, ETC. (IMPRINT) | |
| Place of publication, distribution, etc | Philadelphia : |
| Name of publisher, distributor, etc | Wolters Kluwer, |
| Date of publication, distribution, etc | c.2015. |
| 300 ## - PHYSICAL DESCRIPTION | |
| Extent | xx, 1116 p. : |
| Other physical details | ill. (col.) ; |
| Dimensions | 28 cm. |
| 500 ## - GENERAL NOTE | |
| General note | Rev. ed. of: Taylor's clinical nursing skills / [edited by] Pamela Evans-Smith. c2005. |
| 500 ## - GENERAL NOTE | |
| General note | Index : p. 1105-1116. |
| 504 ## - BIBLIOGRAPHY, ETC. NOTE | |
| Bibliography, etc | Includes bibliographical references. |
| 505 0# - FORMATTED CONTENTS NOTE | |
| Formatted contents note | Asepsis and infection control -- Vital signs -- Health assessment -- Safety -- Medication administration -- Perioperative nursing -- Hygiene -- Skin integrity and wound care -- Activity -- Comfort and pain management -- Nutrition -- Urinary elimination -- Bowel elimination -- Oxygenation -- Fluid, electrolyte, and acid-base balance -- Cardiovascular care -- Neurologic care -- Laboratory specimen collection. |
| 650 #7 - SUBJECT ADDED ENTRY--TOPICAL TERM | |
| Topical term or geographic name as entry element | Nursing. |
| Source of heading or term | BUEsh |
| 9 (RLIN) | 2162 |
| 651 ## - SUBJECT ADDED ENTRY--GEOGRAPHIC NAME | |
| Source of heading or term | BUEsh |
| 653 ## - INDEX TERM--UNCONTROLLED | |
| Resource For college | Nursing |
| Arrived date list | August2015 |
| -- | November2015 |
| 942 ## - ADDED ENTRY ELEMENTS (KOHA) | |
| Source of classification or shelving scheme | Dewey Decimal Classification |
| Call number prefix | 610.73 LYN |
| Withdrawn status | Lost status | Source of classification or shelving scheme | Damaged status | Not for loan | Koha collection | Home library | Current library | Shelving location | Date acquired | Source of acquisition | Cost, normal purchase price | Serial Enumeration / chronology | Total Checkouts | Total Renewals | Full call number | Barcode | Date last seen | Date last borrowed | Cost, replacement price | Koha item type |
|---|---|---|---|---|---|---|---|---|---|---|---|---|---|---|---|---|---|---|---|---|
| Dewey Decimal Classification | Baccah | Central Library | Central Library | First floor | 17/08/2015 | Purchase | 663.00 | 21764 | 6 | 14 | 610.73 LYN | 000030687 | 15/07/2025 | 15/09/2020 | 829.00 | Book - Borrowing | ||||
| Dewey Decimal Classification | Baccah | Central Library | Central Library | First floor | 17/08/2015 | 663.00 | 21764 | 3 | 7 | 610.73 LYN | 000039142 | 15/07/2025 | 15/09/2020 | 829.00 | Book - Borrowing |